| 000 | 00962nam a2200301 a 4500 | ||
|---|---|---|---|
| 001 | 20603 | ||
| 003 | VRT | ||
| 005 | 20260127120838.0 | ||
| 008 | 060405s1972 xo slo d | ||
| 020 | _c31.00 | ||
| 035 | _aMIZKGZ68737 | ||
| 039 | 9 |
_a202107201823 _bAUTHORITY _c200604070241 _dVLOAD |
|
| 040 |
_aMIZKGZ _bslo _cMIZKGZ |
||
| 041 | 1 |
_aslo _hcze |
|
| 100 | 1 |
_aBass, Eduard, _d1888-1946 |
|
| 245 | 1 |
_aCirkus Humberto _cEduard Bass ; [z českého originálu prel. Štefan Žáry] |
|
| 260 |
_aBratislava _bTatran _c1972 |
||
| 300 | _a555 s. viaz. | ||
| 490 | 1 |
_aHviezdoslavova knižnica _vZv. 207 |
|
| 650 | 0 | 7 |
_aspoločenské romány _2MIZKGZ |
| 650 | 0 | 7 |
_ačeská literatúra _2MIZKGZ |
| 700 | 1 |
_aŽáry, Štefan, _d1918-2007 _4trl |
|
| 830 | 0 |
_aHviezdoslavova knižnica _vZv. 207 |
|
| 910 | _amizkgz | ||
| 942 |
_2ddc _cKLDO _n0 |
||
| 949 |
_6273K0042061 _asvkpoA 86797 _bsvkpo196989 |
||
| 999 |
_c20603 _d20603 |
||